000 00331nam a2200133Ia 4500
005 20251222141818.0
008 251222s9999||||xx |||||||||||||| ||spa||
020 _a978-84-7993-070-7
082 _a868.6/G14O
100 _aOliva, César
245 0 _aAntonio Gala:
264 _bUniversidad Internacional de Andalucia
942 _cLIB
999 _c6709
_d6709